| 000 | 005880000a22001690004500 | ||
|---|---|---|---|
| 003 | MACL | ||
| 005 | 20160206114100.0 | ||
| 008 | 160206b xxu||||| |||| 00| 0 eng d | ||
| 040 |
_aMACL _cMACL |
||
| 041 | _aHindi | ||
| 082 | _a100 | ||
| 100 |
_aभारती स्वाती नारायण _937050 |
||
| 245 | _aआनन्द-गंगा भगवान श्री रजनीश | ||
| 260 |
_bअौम रजनीश ध्यान-केन्द्र पकाशन _aबम्बई |
||
| 650 |
_aPhilosophy _937051 |
||
| 942 |
_cSAN _k100 _2ddc |
||
| 999 |
_c27871 _d27871 |
||